Museu de les Arts de l'Espectacle, Barcelona
Descripción Física:
[12] p. : il. col. ; 21 cm
MARC
| LEADER | 00000nam a2200000Ia 4500 | ||
|---|---|---|---|
| 001 | 14900 | ||
| 008 | 160829s9999 xx 000 0 cat d | ||
| 080 | |a FU-29-44 | ||
| 100 | |a Museu de les Arts de l'Espectacle (Barcelona) |9 36526 | ||
| 245 | |a Museu de les Arts de l'Espectacle, Barcelona | ||
| 260 | |a [Barcelona] : |b Diputació de Barcelona, Secció de Publicacions, [197 - ?] | ||
| 300 | |a [12] p. : |b il. col. ; |c 21 cm | ||
| 490 | |a Fullets monogràfics singulars d'art. Sèrie I-8 ; 14 | ||
| 650 | |a Museu de les Arts de l'Espectacle (Barcelona) |x Guies |9 38923 | ||
| 650 | |a Museus |x Barcelona |x Guies |9 38924 | ||
| 710 | 1 | |a Barcelona (Catalunya : Província). |b Diputació |9 52408 | |
| 901 | |a Arxiu | ||
| 942 | |n 1 | ||
| 952 | |0 0 |1 0 |4 0 |6 FU2944 |7 1 |9 48682 |a Arxiu |b Arxiu |d 2016-12-01 |l 0 |o FU-29-44 |p 14900 |r 2016-12-01 00:00:00 |w 2016-12-01 |y ARXIU | ||
| 999 | |c 52512 |d 52512 | ||